000 00545nam a2200205Ia 4500
005 20250923150200.0
008 008 250917s9999 xx 000 0 eng d
037 _aTextual
040 _aDSWL
_beng
_cDSWL
041 _aeng
_2eng
084 _qDSWL
100 _aBower, Marion
_9843130
245 0 _aPsychoanalytic theory for social work practice
_cby Marion Bower
260 _aLondon
_bRoutledge
_c2005
300 _a204 p.
365 _aINR
_b1647 .0
925 _g1647 .0
942 _cTEXL
999 _c1460510
_d1460510